000 00403cam a22001457a 4500
008 180718b1958 xxu||||| |||| 00| 0 eng d
082 _aI29 D286
100 _aDavies, Daniel R.
245 _aYou and management
_cby Daniel R. Davies and Robert T. Livingston
260 _aNew York
_bHarper
_c1958
300 _avii, 272p
650 _aSuccess
650 _aExecutives
700 _aLivingston, Robert T.
999 _c427754
_d427754